000 05721cgm a2201105Ka 4500
001 ocn173420878
003 OCoLC
005 20241220124027.0
007 vd cvaizm
008 070927s2007 cau125 j vaeng d
020 _a1419854968
020 _a9781419854965
024 1 _a085391162629
028 4 2 _a116262
_bWarner Home Video
035 _a(OCoLC)173420878
037 _bMidwest Tape
_nhttp://www.midwesttapes.com
040 _aTEFMT
_cTEFMT
_dCLE
_dOCLCQ
_dTEF
_dOCLCQ
_dEHH
_dBTCTA
_dOCLCG
_dCN5O8
_dUPZ
_dOCLCQ
_dVP@
_dUINTA
_e
049 _aUCLB
050 1 4 _aPN1992.77
_b.Y437 2007
082 0 4 _a791.45/75
_222
092 _a791.457
245 0 4 _aThe year without a Santa Claus
250 _aDeluxe ed.
260 _aBurbank, CA :
_bDistributed by Warner Home Video,
_c[2007]
264 _aBurbank, CA :
_bRankin/Bass Productions, Inc. ; produced and directed by Arthur Rankin, Jr. and Jules Bass.
_c[2007]
300 _a1 videodisc (125 min.) :
_bsd., col. ;
_c4 3/4 in.
500 _aTitle from container.
500 _aYear without a Santa Claus based on the book by Phyllis McGinley.
500 _aNestor, the long-eared Christmas donkey based on the song by Gene Autry, Don Primer, Dave Burgess.
500 _aYear without Santa Claus originally broadcast on television in 1974; Nestor, the long-eared donkey originally broadcast on television in 1977; Rudolph's shiny New Year originally broadcast on television in 1976.
500 _aSpecial features: Festive new featurette: "We are Santa's elves:" profiling Arthur Rankin, Jr. and Jules Bass; Festive new featurette: "Stop motion 101:" stop-motion masters the Chiodo Brothers show how it's done step by step.
505 0 _aThe year without a Santa Claus / teleplay by William Keenan -- Nestor, the long-eared Christmas Donkey / written by Romeo Muller -- Rudolph's shiny New Year / written by Romeo Muller ; story by Robert L. May.
508 _aYear without a Santa Claus: Music, Maury Laws ; lyrics, Jules Bass.
508 _aNestor, the long-eared Christmas donkey: Additional music and lyrics, Maury Laws and Jules Bass.
508 _aRudolph's shiny New Year: Music and lyrics, Johnny Marks (features the song Rudolph the red-nosed reindeer).
511 0 _aYear without a Santa Claus cast: Shirley Booth, Mickey Rooney, Dick Shawn, George S. Irving.
511 0 _aNestor, the long-eared Christmas donkey cast: Roger Miller, Brenda Vaccaro, Paul Frees.
511 0 _aRudolph's shiny New Year cast: Red Skelton, Frank Gorshin, Morey Amsterdam, Hal Peary, Paul Frees, Billie Richards.
520 _aThe year without a Santa Claus: When Santa decides to take Christmas off, two elves go to find children to convince Santa to come back, but first they have to get past the Heat Miser and the Snow Miser. Nestor the long-eared Christmas donkey: An outcast donkey escorts an expectant couple to Bethlehem. Rudolph's shiny new year: Father Time asks Rudolph to find the missing New Year baby.
538 _aDVD, region 1, full screen (1.33:1) presentation; Dolby Digital mono., dual-layer.
540 _aThis DVD is copy protected and may be played only on licensed devices.
546 _aEnglish subtitles for the deaf and hard of hearing.
650 0 _aSanta Claus
_vJuvenile films.
_95705008
650 0 _aElves
_vJuvenile films.
_95752140
650 0 _aDonkeys
_vJuvenile films.
_96480301
650 0 _aReindeer
_vJuvenile films.
_95804345
650 1 _aSanta Claus
_vDrama.
_95705010
650 1 _aElves
_vDrama.
_95756691
650 1 _aDonkeys
_vDrama.
_96480302
650 1 _aReindeer
_vDrama.
_95804347
650 8 _aSanta Claus
_vJuvenile films.
_95705008
650 8 _aElves
_vJuvenile films.
_95752140
650 8 _aDonkeys
_vJuvenile films.
_96480303
650 8 _aReindeer
_vJuvenile films.
_95804345
655 0 _aTelevision programs.
_96198947
655 0 _aAnimated television programs.
_96198948
655 0 _aChristmas television programs.
_95674317
655 0 _aFantasy television programs.
_9102697
655 0 _aChildren's television programs.
_96198949
655 0 _aTelevision programs for the hearing impaired.
_95673659
655 7 _aFantasy
_vAnimation
_vTelevision specials.
_2migfg
_96480304
655 7 _aChildren's
_vAnimation
_vTelevision specials.
_2migfg
_96480305
655 7 _aTelevision movies.
_2gsafd
_9102730
655 7 _aAnimated television programs.
_2gsafd
_96198948
655 7 _aFantasy television programs.
_2gsafd
_9102697
655 1 _aFilm adaptations.
_96198952
700 1 _aRankin, Arthur,
_cJr.
_966544
700 1 _aBass, Jules.
_944021
700 1 _aBooth, Shirley.
_960664
700 1 _aRooney, Mickey.
_924207
700 1 _aShawn, Dick.
_943396
700 1 _aIrving, George S.
_920662
700 1 _aMiller, Roger,
_d1936-1992.
_96198953
700 1 _aVaccaro, Brenda,
_d1939-
_935778
700 1 _aFrees, Paul.
_963038
700 1 _aSkelton, Red,
_d1913-1997.
_97359
700 1 _aGorshin, Frank.
_941787
700 1 _aAmsterdam, Morey.
_959525
700 1 _aPeary, Harold,
_d1908-1985.
_96198954
700 1 _aRichards, Billie.
_96198955
700 1 _aLaws, Maury.
_944020
700 1 _aMarks, Johnny,
_d1909-1985.
_948941
700 1 _aMcGinley, Phyllis,
_d1905-1978.
_91754
700 1 _aAutry, Gene,
_d1907-1998.
_917112
700 1 _aPrimer, Don.
_96198956
700 1 _aBurgess, Dave.
_96198957
700 1 _aKeenan, William.
_96198958
700 1 _aMuller, Romeo.
_911504
700 1 _aMay, Robert Lewis,
_d1905-
_911795
710 2 _aRankin/Bass Productions.
_94995
710 2 _aWarner Home Video (Firm)
_961103
740 0 2 _aNestor, the long-eared Christmas donkey.
740 0 2 _aRudolph's shiny New Year.
942 _cDVD
_2ddc
999 _c64839
_d64839